| 000 | 01375nam a22003017a 4500 | ||
|---|---|---|---|
| 003 | PE SENCICO BE | ||
| 005 | 20251020182647.0 | ||
| 008 | 231116b |||||||| |||| 00| 0 eng d | ||
| 040 |
_aPE SENCICO BE _cPE SENCICO BE |
||
| 041 | _aspa | ||
| 084 |
_aI _aDIS _a2017 _bR84 |
||
| 100 | 1 |
_91807 _aRossel Villantoy, Rafael Francisco _eautor |
|
| 245 | 1 |
_aEl diseño en una casa de campo / _cRafael Francisco Rossel Villantoy |
|
| 246 | _aDesarrollo de un proyecto de diseño de interior en una casa de playa | ||
| 260 |
_aLima : _c2017 |
||
| 300 |
_a51 h. : _bil. col. ; _c30 cm. |
||
| 500 | _aTexto en dos volúmenes. El volumen 2 contiene planos (30 x 40 cm.). | ||
| 502 | _aMonografía de Titulación.-- Servicio Nacional de Capacitación para la Industria de la Construcción. Escuela Superior Técnica. Carrera Profesional Técnica en Diseño de Interiores, 2017 | ||
| 505 | 0 | _av. 1: El diseño en una casa de campo -- v. 2: Desarrollo de un proyecto de diseño de interior en una casa de playa | |
| 650 | 1 | 0 |
_944 _aDiseño de interiores |
| 650 | 1 | 0 |
_9190 _aCasas de campo |
| 650 | 2 | 0 |
_9328 _aViviendas de estructuras de madera |
| 650 | 2 | 0 |
_91793 _aColor en el diseño |
| 650 | 2 | 0 |
_9615 _aPlanos |
| 710 | 1 |
_aServicio Nacional de Capacitación para la Industria de la Construcción. _bEscuela Superior Técnica _91065 |
|
| 910 |
_bhfp _chfp |
||
| 942 |
_cMON _2ddc |
||
| 999 |
_c4456 _d4456 |
||